000 00670nam a2200205Ia 4500
003 GCL
008 140319s9999 xx 000 0 ara d
020 _a897587977
040 _aGCL /
_cGCL
082 0 4 _a811.956726
_bح ك
100 1 _aحسين مجيب المصرى
245 1 0 _aكربلاء بين شعراء الشعوب الاسلامية /
_cحسين مجيب المصرى
250 _aالاولى
260 _aالقاهرة :
_bالدار الثقافية للنشر ،
_c2000
300 _a231 ص ؛
_c24 سم
650 0 4 _aالشعر السياسى
650 0 4 _aكربلاء
650 0 4 _aالشعر العربى - كربلاء
942 _2ddc
_cBK
999 _c5102
_d5102